000 00358nam a2200133Ia 4500
008 210430s9999 xx 000 0 und d
020 _a9780470267639
082 _a333.79 H 155 D
100 _aJay Hakes
_954070
245 2 _aA Declaration of Energy Independence /
_cJay Hakes
260 _aAmerica
_bJohn Wiley
_c2008
300 _a252p
942 _cBK
_2ddc
999 _c564531
_d564531